| 000 | 01105nam a2200265Ia 4500 | ||
|---|---|---|---|
| 001 | ebr10085650 | ||
| 003 | CaPaEBR | ||
| 006 | m u | ||
| 007 | cr cn||||||||| | ||
| 008 | 000815s2005 enk s 000 0 eng d | ||
| 020 | _z1845443233 | ||
| 040 |
_aCaPaEBR _cCaPaEBR |
||
| 035 | _a(OCoLC)133165228 | ||
| 050 | 1 | 4 |
_aZ678.9.A4N54 _b.I38 2005eb |
| 245 | 0 | 0 |
_aICT developments in Nigerian libraries _h[electronic resource]. |
| 260 |
_aBradford, England : _bEmerald Group Publishing, _cc2005. |
||
| 300 | _a113 p. | ||
| 490 | 0 |
_aThe electronic library the international journal for the application of technology in information environments ; _vv. 23, no. 3 |
|
| 533 |
_aElectronic reproduction. _bPalo Alto, Calif. : _cebrary, _d2009. _nAvailable via World Wide Web. _nAccess may be limited to ebrary affiliated libraries. |
||
| 650 | 0 |
_aLibraries _xAutomation. |
|
| 650 | 0 | _aLibrary science. | |
| 655 | 7 |
_aElectronic books. _2local |
|
| 710 | 2 | _aebrary, Inc. | |
| 856 | 4 | 0 |
_uhttp://site.ebrary.com/lib/rucke/Doc?id=10085650 _zAn electronic book accessible through the World Wide Web; click to view |
| 999 |
_c49764 _d49764 |
||